[Event "Biel GM"]
[Site "Biel"]
[Date "2006.07.28"]
[Round "5"]
[White "Pelletier, Yannick"]
[Black "Morozevich, Alexander"]
[Result "0-1"]
[WhiteElo "2583"]
[BlackElo "2731"]
[Annotator "Rogozenco,D"]
[PlyCount "80"]
[EventDate "2006.07.24"]
[EventType "tourn"]
[EventRounds "10"]
[EventCountry "SUI"]
[EventCategory "17"]
[SourceTitle "CBM 114"]
[Source "ChessBase"]
[SourceDate "2006.10.02"]
[SourceVersion "1"]
[SourceVersionDate "2006.10.02"]
[SourceQuality "1"]

1. d4 d5 2. Nf3 Nf6 3. c4 c6 4. Nc3 a6 5. Qb3 {This continuation which is
occasionally used by several strong GMs offers Black good chances for active
play. After the exchange on c4 the move ...a6 will be fully justified, while
the queen will be exposed in the center.} e6 {The most precise answer,
transposing into equal Meran-type of positions.} ({The main idea behind 5.Qb3
is} 5... dxc4 6. Qxc4 b5 7. Qd3 $1 (7. Qb3 e6 $11 {and after} 8. e4 {Black has}
b4 {[%csl Re4]}) 7... e6 (7... c5 $2 8. dxc5 $16) 8. e4 $1 c5 9. dxc5 (9. e5
cxd4 $13) 9... Qxd3 (9... Bxc5 10. Qxd8+ Kxd8 11. Bd3 $16) 10. Bxd3 Bxc5 11. e5
$14) 6. Bg5 (6. g3 dxc4 7. Qxc4 b5 8. Qd3 (8. Qb3 c5 9. dxc5 Bxc5 10. Bg2 O-O
11. Ne5 Ra7 12. Nd3 Bd4 13. a4 Bb7 $11 {1/2-1/2 Horvath,G (2435)-Vegh,E (2380)/
Hungary 1994 (20)}) 8... c5 9. Bg2 Bb7 10. O-O Nbd7 11. Bg5 h6 12. Bxf6 Nxf6
$11 13. Rfd1 c4 14. Qc2 Qc7 15. a3 Be7 16. e4 O-O 17. d5 exd5 18. e5 Nd7 19.
Nxd5 Bxd5 20. Rxd5 Rad8 21. Qf5 Nb6 (21... Nc5 $15) 22. Rxd8 Rxd8 23. e6 Bf6
24. Re1 Bxb2 25. Nh4 Qe7 26. Be4 g6 27. exf7+ Qxf7 28. Qg4 Bd4 29. Nf5 h5 $4 (
29... Qf6 30. Nxh6+ (30. Nxd4 Rxd4 31. Qxg6+ Qxg6 32. Bxg6 Nd5 $17) 30... Kh7
31. Nf5 Rf8 32. Qh3+ Kg8 33. Qg4 Bxf2+ 34. Kxf2 Qg7 $17) 30. Nh6+ Kg7 31. Nxf7
{1-0 Meister,Y (2440)-Rogozenko,D (2405)/Ceske Budejovice 1994}) (6. e3 Nbd7
$11) 6... dxc4 (6... b5 7. c5 Be7 8. Bxf6 (8. a4 $14) 8... Bxf6 9. e4 Nd7 10.
Bd3 dxe4 11. Nxe4 O-O 12. O-O-O Be7 13. Ne5 Nxe5 14. dxe5 Qd4 15. Qc3 Qxc3+ 16.
bxc3 f6 17. exf6 gxf6 18. Bc2 {1/2-1/2 Sakaev,K (2500)-Rublevsky,S (2505)/
Podolsk 1992}) 7. Qxc4 b5 8. Qb3 ({Another important theoretical direction is} 
8. Qd3 c5 9. a4 (9. d5 Be7 $13) (9. Bxf6 gxf6 {is known to be good for Black.})
9... cxd4 ({The same is} 9... b4 10. Ne4 cxd4 11. Nxd4) 10. Nxd4 b4 (10... bxa4
$5) 11. Ne4 Bb7 12. Bxf6 gxf6 13. Rd1 Be7 14. Qf3 b3 $1 {1/2-1/2 Lautier,J 
(2625)-Bareev,E (2685)/Linares 1994 (53). with a very sharp, double-edged
position.}) 8... Nbd7 {Generally in these situations Black has absolutely
nothing to fear. He will advance ...c5 and in the arising equal positions it
is often White who must play accurately to keep the balance.} 9. Rd1 (9. e4 h6
10. Bxf6 Nxf6 11. e5 Nd7 12. Be2 Bb7 13. O-O Be7 14. Ne4 (14. Rfd1 O-O 15. Rac1
Qb6 16. Qc2 Rac8 $11 {0-1 Dankert,P (2265)-Ribli,Z (2595)/Germany 1992 (24)})
14... Rc8 15. Rfc1 Qb6 16. a4 c5 $132 17. Nd6+ Bxd6 18. exd6 c4 19. Qb4 Bxf3
20. Bxf3 O-O $15 {0-1 Kortschnoj,V (2630)-Ribli,Z (2595)/Reggio Emilia 1987 
(49)}) ({I think a more realistic approach is to settle for equality after} 9.
e3 c5 10. Be2 $11) 9... Qa5 $1 {The ambitious move, fighting for advantage. It
is not easy for White to find the safest way to keep the balance, since
everywhere Black has many resources for activity.} ({To easy equality leads} 
9... Qc7 10. g3 c5 11. Bxf6 Nxf6 12. Bg2 Bb7 13. O-O Be7 14. dxc5 Bxc5 15. Ne1
Bxg2 16. Kxg2 O-O 17. Nd3 Bd4 18. Rc1 Qb7+ 19. Kg1 h5 20. e3 Bb6 21. Qd1 h4 22.
Qe2 $11 {1/2-1/2 Timoscenko,G (2515)-Rogozenko,D (2405)/Berlin 1994 (40)}) 10.
Bd2 {Something went wrong for White if he must make such moves.} ({The more
natural} 10. e3 c5 11. Be2 {was a better alternative, since Black has nothing
concrete:} cxd4 12. Nxd4 {and if} b4 $2 {then} 13. Bxf6 gxf6 (13... Nxf6 14.
Nc6 Qc7 15. Rd8+ $18) 14. Nc6 Qf5 (14... Qc7 {allows a beautiful mate:} 15.
Qxe6+ fxe6 16. Bh5#) 15. Na4 Bb7 16. Bf3 Rc8 17. Nd4 $16) ({Or} 10. g3 c5 11.
Bg2 Bb7 12. O-O $13 {/=/+}) 10... Qb6 $146 {Black's pieces are placed on the
optimal squares and he can quickly complete development. On the opposite side
White has poor achievements: his pieces lack coordination and the queen is too
exposed.} (10... Qc7 11. g3 Bb7 12. Bf4 Qa5 13. Bh3 Be7 14. O-O $11 {1/2-1/2
Volkov,N (2165)-Yashtylov,A (2319)/Orsk 2000 (72)}) 11. e4 c5 12. e5 {This
active move is forced. White has no choice, he must go for dangerous
complications.} (12. d5 c4 13. Qc2 Bc5 $17) (12. dxc5 Bxc5 $19) 12... Ng4 ({
A good alternative was} 12... cxd4 13. Nxb5 ({After} 13. exf6 dxc3 14. Bxc3
Nxf6 {Black is just a pawn up.}) 13... Ne4 (13... axb5 14. exf6 gxf6 15. Bxb5
Bc5 $13) 14. Nbxd4 Nxd2 15. Kxd2 (15. Rxd2 Bb4) 15... Qc5 $5 {with very good
compensation for the pawn.} (15... Qc7 16. Qc3 $13) (15... Bb4+ 16. Kc1 Bb7 17.
a3 $13)) 13. h3 $8 cxd4 14. Nd5 {This spectacular move is designed to close
some central files. However, it also offers Black some additional squares for
the pieces.} ({The more natural} 14. hxg4 dxc3 15. Bxc3 Bc5 16. Qc2 Bb7 ({
but not} 16... b4 17. Bd4 Bxd4 18. Nxd4 $13 Nxe5 $2 19. Qe4 Qb8 20. Nc6 Bb7 (
20... Nxc6 21. Qxc6+ Ke7 22. Qc5+ Ke8 23. Qg5 Bb7 24. Qxg7 Rf8 25. Qf6 $16) 21.
Qxe5 Bxc6 22. Qxg7 Rf8 23. Qd4 $16) 17. a3 {with a double-edged position would
have been a better choice.}) 14... exd5 15. hxg4 Qe6 $1 16. Be2 (16. Nxd4 Qxe5+
17. Be3 Nc5 18. Nf3 Nxb3 19. Nxe5 Bb4+ 20. Ke2 Na5 21. Rxd5 O-O $17) 16... Nc5
17. Nxd4 ({The computer suggestion} 17. Qa3 {does not have an immediate
refutation, but during the game a human instantly rejects such a move.} Qxg4
18. Bxb5+ (18. O-O d3 19. Bxd3 Nxd3 20. Qxd3 Qc4 $17) 18... Bd7 (18... Nd7 19.
b4 Qxg2 20. Rg1 Qh3 21. Bc6 Rb8 22. Rg3 (22. Bxd5 $2 Nxe5) 22... Qh5 (22... Qe6
$2 23. Nxd4 $16) 23. Kf1 $13) 19. Bxd7+ Nxd7 20. Qb3 (20. Qd3 Qxg2 21. Ke2 (21.
Rg1 Nxe5 22. Qe2 Qxf3 23. Qxe5+ Kd7 24. Qxd4 Qe4+ 25. Qxe4 dxe4 $17) 21... Qg4
22. Rh4 Qe6 23. Nxd4 $44) 20... Qe4+ 21. Kf1 Rb8 22. Qa4 d3 23. Rh4 Qe2+ 24.
Kg1 Bc5 25. Rf1 $13) 17... Qxe5 18. Qe3 Qxe3 19. Bxe3 {White's pieces contain
active potential and with precise play it would have been difficult for Black
to convert his extra pawn.} Na4 20. Nf5 $6 {After this move Black is in time
to complete development conveniently.} (20. Rb1 Bb4+ 21. Kf1 O-O $17) ({
White had to activate immediately his light-squared bishop:} 20. Bf3 Nxb2 (
20... Be6 $5 21. Nxe6 fxe6 22. Bd4 Rc8 $15) 21. Rb1 Na4 22. Bxd5 Nc3 23. Rxb5
axb5 24. Bxa8 Bxg4 25. Kd2 {and here White escapes.}) 20... Nxb2 21. Rxd5 Be6
$17 22. Rd2 Nc4 23. Bxc4 Bxc4 {Black is technically winning. His bishop on c4
is too strong. White is unable to create any decent counterplay.} 24. Bd4 (24.
Bf4 Bb4 $19) (24. Kd1 Bb4 25. Rd4 O-O $19) 24... O-O-O ({Also possible was} 
24... Bb4 25. Nxg7+ Kf8 26. Nf5 Rg8 27. Rxh7 Bxd2+ 28. Kxd2 Rd8 29. Kc3 Bxa2 {
and although Black is winning here, Morozevich prefers not to allow any
activity for his opponent.}) 25. Bc3 (25. Bxg7 $2 Bb4 $19) 25... Bc5 26. Nxg7
Rxd2 27. Kxd2 Rd8+ 28. Kc2 b4 (28... Bxa2 29. Ra1 Bd5 30. Rxa6 Bxg2 31. Ra5 {
leaves White with some chances.}) 29. Bf6 Rd7 30. Rc1 (30. Ra1 a5 $19) 30...
Kb7 31. Kb1 Bd3+ 32. Kb2 Bxf2 $19 33. Kb3 a5 34. a3 bxa3 35. Kxa3 Be4 36. Nf5
Rd3+ 37. Kb2 a4 38. Rc3 Rxc3 39. Bxc3 Bc5 40. Nh4 Kc6 ({After} 40... Kc6 41.
Nf3 {the easiest win is} Bxf3 42. gxf3 Kd5 43. Ka2 (43. Kc2 Kc4 44. Bh8 a3 $19)
43... Kc4 44. Be5 Kd3 45. f4 Ke4 46. g5 Be3 47. Ka3 Bxf4 48. Bf6 Kf5 49. Kxa4
Bxg5 50. Bd4 h5 $19) 0-1

[Event "Nalchik FIDE GP"]
[Site "Nalchik"]
[Date "2009.04.18"]
[Round "4"]
[White "Leko, Peter"]
[Black "Karjakin, Sergey"]
[Result "1/2-1/2"]
[WhiteElo "2751"]
[BlackElo "2721"]
[Annotator "Rogozenco,D"]
[PlyCount "79"]
[EventDate "2009.04.15"]
[EventType "tourn"]
[EventRounds "13"]
[EventCountry "RUS"]
[EventCategory "19"]
[SourceTitle "CBM 130"]
[Source "ChessBase"]
[SourceDate "2009.05.20"]
[SourceVersion "1"]
[SourceVersionDate "2009.05.20"]
[SourceQuality "1"]

1. d4 d5 2. c4 c6 3. Nf3 Nf6 4. Nc3 a6 5. c5 Nbd7 6. Bf4 Nh5 7. Bd2 Nhf6 8. Qc2
g6 9. g3 e5 $1 10. dxe5 Ng4 11. e6 Nxc5 12. exf7+ Kxf7 13. e4 Bg7 14. Nxd5 $146
{Leko's spectacular novelty requires from Black a series of precise moves, but
in the end Black is doing okay.} ({Neither} 14. Bg2 Bxc3 $1 15. Bxc3 dxe4 16.
Bxh8 Nd3+ 17. Kf1 exf3 {0-1 Ivanchuk,V (2787)-Bacrot,E (2695)/Heraklio 2007 
(27)}) ({nor} 14. h3 Nf6 15. Ng5+ Kg8 16. Be3 {1-0 Aronian,L (2750)-Bacrot,E 
(2695)/Mainz 2007 (22)} Qa5 {is problematic for Black}) 14... Nxe4 (14... cxd5
15. Qxc5 $16) 15. Nf4 (15. Qxe4 $2 Re8) 15... Nxd2 (15... Re8 16. Bc4+ Kf8 17.
O-O-O $36) 16. O-O-O Bf5 (16... b5 17. Rxd2 Qb6 18. Qb3+ $18) 17. Bc4+ Kf8 18.
Bd3 (18. Qxd2 Qxd2+ 19. Rxd2 Ne5 20. Nxe5 Bxe5 $11) (18. Ne6+ Bxe6 19. Bxe6 Qe7
20. Bxg4 Nxf3 21. Bxf3 Bf6 22. Rhe1 Qf7 $11 {[%cal Gf8g7]}) 18... Bxd3 (18...
Qxd3 19. Qc5+ $1 (19. Nxd3 Nxf3 20. Qc5+ Kf7 $13) 19... Kg8 (19... Kf7 $2 20.
Ng5+ Kf6 21. Nxd3 Kxg5 22. Rxd2 $18) 20. Nxd3 Nxf3 21. Qc4+ Kf8 22. Qb4+ Kg8
23. Nf4 $36) 19. Qxd2 Bh6 $1 (19... Kg8 $2 20. Rhe1 Bh6 21. Qxd3 Qxd3 22. Rxd3
$16 {[%csl Rg8,Rh8] /+-. Unlike in the game, here the king is worse placed on
g8 than on f8, where it controls the e7-square.}) 20. Rhe1 Qd6 $1 21. Qxd3 Qxd3
22. Rxd3 Rg8 $1 (22... Re8 23. Rd7 $14) 23. Rd7 Rg7 24. Rxg7 Kxg7 25. Re7+ Kg8
26. Rxb7 Rf8 $11 (26... Nxf2 27. Kc2 Re8 $11) 27. h4 (27. Rb6 $2 g5 $19) 27...
Bxf4+ 28. gxf4 Rxf4 29. Ng5 Rxf2 30. Rxh7 Ne5 31. Rb7 Rh2 32. a3 a5 (32... Nd3+
33. Kb1 Rxh4 34. Rd7 Ne5 35. Ra7 Ra4 36. Ne6 $44 {/=}) 33. b4 axb4 34. axb4
Rxh4 35. b5 cxb5 36. Rxb5 Nf7 37. Rb8+ Kg7 38. Rb7 Rh1+ 39. Kd2 Rf1 40. Ke2
1/2-1/2

[Event "ROM-chT div-A"]
[Site "Predeal"]
[Date "2006.11.06"]
[Round "3"]
[White "Nisipeanu, Liviu Dieter"]
[Black "Sanduleac, Vasile"]
[Result "1-0"]
[WhiteElo "2690"]
[BlackElo "2518"]
[Annotator "Rogozenco,D"]
[PlyCount "85"]
[EventDate "2006.11.04"]
[EventType "team"]
[EventRounds "9"]
[EventCountry "ROU"]
[SourceTitle "CBM 116"]
[Source "ChessBase"]
[SourceDate "2007.02.01"]
[SourceVersion "1"]
[SourceVersionDate "2007.02.01"]
[SourceQuality "1"]

1. d4 d5 2. c4 c6 3. Nc3 Nf6 4. Nf3 a6 5. e3 b5 6. c5 Bg4 7. Qb3 Nbd7 8. a4
Bxf3 9. gxf3 e5 10. Qa3 Rc8 11. axb5 axb5 12. Bh3 ({More common is} 12. Qa5 {
but Nisipeanu prefers to keep the queens on for a while.}) 12... Be7 13. dxe5
$5 $146 {A novelty prepared by Liviu-Dieter especially for this game.} (13. Qa5
Rc7 14. Qa8 Rc8 15. Qa6 O-O 16. dxe5 Ne8 17. f4 Bxc5 18. Bd2 Rc7 19. Qa8 Qe7
20. Qa2 Nb6 {was advantage for Black in Bykhovsky,A (2426)-Sanduleac,V (2482)/
Porto Carras 2005.}) 13... Nxc5 $1 (13... Bxc5 $2 14. b4 $18) ({After the
exchange sacrifice} 13... Nxe5 14. Bxc8 Qxc8 {White can exchange queens:} 15.
Qa8 $1 {and then Black must struggle for a draw:} O-O 16. Qxc8 Rxc8 17. Ke2
Bxc5 18. Ra6 $16) 14. Nxb5 {The position is extremely sharp and requires
precise play from both sides. The idea of the last move is to control square
d3 by the queen, thus defending against the check ...Nd3.} (14. exf6 $2 Nd3+
$19) (14. Ke2 Nfd7 $17) 14... Nfd7 (14... cxb5 $2 15. Bxc8 Qxc8 16. exf6 $18)
15. Nd4 $5 (15. Nd6+ Bxd6 16. exd6 Qf6 $13 {hands Black the initiative. For
instance:} 17. Rg1 (17. f4 O-O 18. O-O Qxd6 $15 19. Bxd7 $140 Qg6+ $1 20. Kh1
Nxd7 $17) 17... O-O 18. Qc3 (18. Rg3 Rb8 $13) 18... Ne5 $1 19. Bxc8 Ncd3+ 20.
Kf1 Qxf3 21. Qd2 Rxc8 $44) 15... Nxe5 {Threatening again the check on d3.} 16.
Ke2 (16. Bxc8 $2 Ncd3+ 17. Ke2 Bxa3 $19) 16... Rb8 (16... Ncd3 $2 17. Qa6 $16)
17. Qa5 Ncd3 $2 {Black played well up to this point, but now he goes wrong.
The knight was very strong on c5 and relocating it to b4 helps White to
develop.} ({Correct was} 17... Rb6 {keeping the pressure and Black's chances
are by no means worse:} 18. f4 ({After} 18. b4 {Black has a pleasant choice
between 18...Na6 and 18...Nb7, in both cases with advantage.}) (18. Qa8 O-O 19.
Qxd8 Rxd8 {and in the arising endgame White's pieces lack coordination.}) 18...
Nc4 19. Qa8 O-O 20. Nxc6 (20. Qxd8 Rxd8 $17) 20... Qxa8 21. Nxe7+ Kh8 22. Rxa8
Rxa8 23. Nxd5 Rb3 24. Rd1 Nxb2 $15 (24... g6 25. Rd4 Nxb2 26. Bd2 $11)) (17...
Qxa5 18. Rxa5 $14) 18. f4 $1 (18. Qxd8+ Bxd8 19. Nxc6 Nxc1+ 20. Rhxc1 Rxb2+ 21.
Kf1 Nxc6 22. Rxc6 O-O $11 {[%cal Gd8h4]}) 18... Qxa5 19. Rxa5 Nc4 20. Ra2 Nb4 (
20... Nxc1+ 21. Rxc1 $16) 21. Ra4 (21. Ra7 {does not look attractive at the
beginning in view of} Bc5 22. Ra4 Bxd4 23. exd4 {with an ugly pawn structure
for White, but in fact this was very strong for the first player. The point is
that Black has serious problems with his knights. White threatens b3, followed
by Ra7 and Ba3 and the knight from b4 has no squares to retreat.} Nc2 {A
tactical trick. After other moves Black loses quicker.} (23... O-O 24. b3 Rfe8+
25. Kf3 Nd6 26. Ba3 $18) (23... Kd8 24. b3 Re8+ 25. Kf3 Nd6 26. Ba3 $18) 24.
Kd3 Nb6 25. Ra7 Nb4+ 26. Kc3 O-O {Again a small trick. White cannot take the
knight in view of the discovered check on c8.} 27. b3 {[%cal Gc1a3]} (27. Kxb4
$2 Nc8+ $19) (27. Rd1 $5 Rfe8 28. Bf1 $16 {is a good alternative, leaving
Black with his knight always hanging on b4.}) (27. Ra1 {does not reach the
goal:} Nc4 28. b3 Nd6 {threatening the check on e4.} 29. f3 Rb6 30. Ba3 Rfb8 {
and Black is ok.}) 27... c5 28. dxc5 d4+ 29. Kxb4 $1 Nc8+ 30. Kc4 Nxa7 31. Bd7
$1 Rb7 32. Ba4 Rfb8 33. Bd2 {and White should be winning.}) 21... Bf6 (21...
O-O 22. b3 Nd6 23. Bd2 c5 24. Bxb4 cxd4 (24... Rxb4 25. Rxb4 cxb4 26. Nc6 $16)
25. Bxd6 Bxd6 26. Rxd4 Rxb3 27. Rhd1 $16 (27. Rxd5 Bxf4 $1 $11)) ({Black could
put up more resistance with} 21... c5 {even if after} 22. Nf5 Bf6 23. b3 Nb6
24. Ra7 O-O 25. Bd2 {there is still a tough fight for the draw. For example:}
Nc6 26. Rc7 Rfc8 27. Rxc8+ Nxc8 28. Rc1 Rxb3 29. Rxc5 $16) 22. b3 c5 (22... Nd6
23. Ba3 c5 24. Bxb4 Bxd4 25. Rd1 $1 $16) 23. bxc4 cxd4 24. Bd2 d3+ (24... Nc6
25. cxd5 $18) 25. Kf3 Be7 26. Bxb4 Rxb4 (26... Bxb4 27. Rb1 Bd6 28. Rxb8+ Bxb8
29. cxd5 O-O 30. Rd4 $18) 27. Rxb4 Bxb4 28. Rb1 Ba5 29. Rb5 $18 {White is
easily winning.} Bd8 (29... d2 30. Ke2 $18) 30. Rxd5 O-O 31. Rxd3 g6 32. c5 f5
33. Bf1 Be7 34. c6 Kf7 35. Rd7 Rc8 36. Bc4+ Ke8 37. Bb5 Kf7 38. Bc4+ Ke8 39.
Bb5 Kf7 40. e4 fxe4+ 41. Kxe4 Kf6 42. Kd5 Bb4 43. Ba6 1-0

[Event "Olympiad-37"]
[Site "Turin"]
[Date "2006.06.04"]
[Round "13"]
[White "Gelashvili, Tamaz"]
[Black "Arencibia Rodriguez, Walter"]
[Result "1/2-1/2"]
[WhiteElo "2576"]
[BlackElo "2535"]
[Annotator "Rogozenco,D"]
[PlyCount "94"]
[EventDate "2006.05.21"]
[EventType "team-swiss"]
[EventRounds "13"]
[EventCountry "ITA"]
[SourceTitle "CBM 113"]
[Source "ChessBase"]
[SourceDate "2006.07.31"]
[SourceVersion "1"]
[SourceVersionDate "2006.07.31"]
[SourceQuality "1"]
[WhiteTeam "Georgia"]
[BlackTeam "Cuba"]
[WhiteTeamCountry "GEO"]
[BlackTeamCountry "CUB"]

1. d4 d5 2. Nf3 Nf6 3. c4 c6 4. Nc3 a6 5. c5 Nbd7 6. Bf4 Nh5 7. Bd2 e5 $5 {
In spite of the fact that this is played extremely rare, in practice White
didn't show anything convincing yet. In the present game the Georgian GM comes
with a strong novelty, but even so Black managed to keep equality.} (7... Nhf6)
8. dxe5 ({Another principled move is} 8. Nxe5 {Then after} Nxe5 9. dxe5 {
the position was very little explored:} Bxc5 (9... Qe7 10. Be3 (10. e4 Qxe5 11.
Be3 dxe4 12. Bd4 Qf5 $13) (10. Na4 Qxe5 11. Nb6 Rb8 12. Bc3 Qe4 $1 13. Nxc8
Rxc8 14. b4 Be7 {is no problem for Black}) 10... Qxe5 11. Bd4 Qe7 12. g3 Bf5
13. Qd2 Qe6 $14 {1/2-1/2 Delabarre,O (2100)-Devocelle,L (2288)/Corr 2002 (39)})
10. e4 $1 g6 11. exd5 cxd5 12. Qf3 Be6 13. g4 Ng7 14. Bg2 O-O 15. O-O Qh4 16.
Nxd5 Bxd5 17. Qxd5 Rad8 18. Qxc5 Rxd2 19. Qb4 Rfd8 20. Qxb7 Qxg4 $44 {1/2-1/2
Shereshevski,M (2470)-Popchev,M (2450)/Elenite 1994 (66)}) (8. e3 g6 9. Be2 e4
10. Ng1 Ng7 $15 {1/2-1/2 Nezar,M (2320)-Sarakauskas,G (2380)/Nancy 2003 (69)})
8... Nxc5 9. e4 $1 $146 (9. e3 g6 10. Nd4 Be7 11. Be2 Ng7 12. O-O O-O 13. Rc1
Kh8 14. a3 f6 15. exf6 Bxf6 $15 {1/2-1/2 Zlotnik,B (2450)-Velicka,P (2375)/
Groningen 1991 (44)}) 9... Nxe4 (9... dxe4 10. Ng5 $16) 10. Nxe4 dxe4 11. Bc4
$1 (11. Ng5 e3 $1 12. Bxe3 Bb4+ 13. Bd2 (13. Ke2 Qe7 $17) 13... Qxg5 14. Bxb4
Qxe5+ 15. Qe2 (15. Be2 Nf4 $17) 15... Qxe2+ 16. Bxe2 Nf4 $15) 11... exf3 $1 (
11... Be7 12. Ng5 Bxg5 13. Bxf7+ Kxf7 14. Qxh5+ g6 15. Qxg5 Qxg5 16. Bxg5 $14)
12. Qxf3 (12. Bxf7+ $2 Kxf7 13. Qxf3+ Nf6 14. exf6 Qxf6 $19) 12... Qe7 ({After
} 12... Nf6 13. exf6 Qxf6 14. Qxf6 gxf6 15. O-O-O $14 {White has good
compensation for the pawn.}) 13. Qxh5 Be6 14. Bxe6 (14. Rc1 $5) 14... Qxe6 15.
O-O O-O-O (15... Be7 16. f4 $14) (15... Bc5 $5) 16. Bc3 (16. Ba5 $6 Rd5) ({
White does not achieve anything after} 16. Be3 g6 (16... Rd5 17. f4 f5 18. Rad1
$36 {[%csl Rf5,Rf8,Rh7,Rh8]}) 17. Qh4 Qxe5 18. Bb6 Rd7 19. Rfe1 {in view of}
Be7 $1 $15) (16. Rad1 $5) 16... Bc5 17. Rad1 (17. Rac1 Bd4 $11) 17... h6 18. a3
Rxd1 19. Rxd1 Rd8 $11 {The position is equal. After massive exchanges White
makes some attempts to play for a win, but the game never leaves the drawish
zone.} 20. Rxd8+ Kxd8 21. g3 Ke7 22. Bb4 (22. Qd1 Qd5 23. Qg4 g5 24. h4 Qe6 $11
) 22... Bxb4 23. Qh4+ Ke8 24. Qxb4 Qxe5 25. Qxb7 Qe1+ 26. Kg2 Qe4+ 27. Kf1 Qc4+
28. Kg1 g6 29. Qb8+ Kd7 30. h4 h5 31. Qe5 c5 32. Qe3 Qd5 33. Qe2 c4 34. Qe3 a5
35. Qc3 Ke6 36. f3 f6 37. Kf2 g5 38. a4 gxh4 39. gxh4 Qc5+ 40. Kg2 Qd5 (40...
Qb4 41. Qd4 Qxa4 42. Qe4+ Kd6 43. Qd4+ Kc7 44. Qa7+ $11) 41. Qe1+ Qe5 42. Qd2
Qd5 43. Qe2+ Kd6 44. Qf2 Kc6 45. Qe3 Qe5 46. Qd2 f5 47. Qc3 Qxc3 1/2-1/2